ბათუმის შოთა რუსთაველის სახელმწიფო უნივერსიტეტის ბიბლიოთეკა

მანქანა-ტრაქტორთა პარკის ექსპლუატაცია : (ბიბ.ჩანაწერი № 62568)

000 -ლიდერი
ფიქსირებული სიგრძის საკონტროლო ველი 01850nam a22002537a 4500
003 - საკონტროლო ნომრის იდენტიფიკატორი
საკონტროლო ველი Ge_BSU
005 - ბოლო ოპერაციის თარიღი და დრო
საკონტროლო ველი 20241209125955.0
008 - ფიქსირებული სიგრძის მონაცემთა ელემენტები - ზოგადი ინფორმაცია
ფიქსირებული სიგრძის საკონტროლო ველი 241209s2017 ge ||||| |||| 00| 0 geo d
020 ## - წიგნის საერთაშორისო სტანდარტული ნომერი
International Standard Book Number 9789941279294
041 ## - ენის კოდი
Language code of text/sound track or separate title geo
080 ## - უნივერსალური ათობითი კლასიფიკაციის ინდექსი
Universal Decimal Classification number 631.3(075.8) ფ-97
100 ## - მთავარი ჩანაწერი - პიროვნების სახელი
Personal name ფუტკარაძე, ზ.
9 (RLIN) 23910
245 ## - ცნობა სათაურის შესახებ
Title მანქანა-ტრაქტორთა პარკის ექსპლუატაცია :
Remainder of title სახელმძღვანელო, სალექციო კურსი, მეთოდური მითითებები საკურსო პროექტისა და ლაბორატორიული სამუშაოების შესასრულებლად /
Statement of responsibility, etc ზ. ფუტკარაძე, რ, მარგალიტაძე, მ. მამულაძე ; რედ.ელგუჯა შაფაქიძე
264 ## - წარმოების, გამოცემის, დისტრიბუციის და სხვა ცნობები
გამოცემის, წარმოების, დისტრიბუციის... ადგილი ბათუმი :
გამოცემის, წარმოების, დისტრიბუციის... სახელწოდება თეგი,
გამოცემის, წარმოების, დისტრიბუციის... თარიღი 2017.
300 ## - ფიზიკური აღწერა
Extent 220 გვ. :
Other physical details ნახ., ცხრ. ;
Dimensions 21 სმ.
504 ## - BIBLIOGRAPHY, ETC. NOTE
Bibliography, etc ბიბლიოგრაფია: გვ. 219-220.
653 ## - INDEX TERM--UNCONTROLLED
Uncontrolled term მანქანა-ტრაქტორთა ექსპლუატაცია.
653 ## - INDEX TERM--UNCONTROLLED
Uncontrolled term ტრანსპორტი
700 ## - ADDED ENTRY--PERSONAL NAME
Personal name მარგალიტაძე, რ.
9 (RLIN) 6245
700 ## - ADDED ENTRY--PERSONAL NAME
Personal name მამულაძე, მ.
9 (RLIN) 11556
700 ## - ADDED ENTRY--PERSONAL NAME
Personal name შაფაქიძე, ელგუჯა
Relator term რედაქტორი.
9 (RLIN) 16748
710 ## - ADDED ENTRY--CORPORATE NAME
Corporate name or jurisdiction name as entry element ბათუმის შოთა რუსთაველის სახელმწიფო უნივერსიტეტი. ტექნოლოგიური ფაკულტეტი. აგროტექნოლოგიისა და აგროინჟინერიის დეპარტამენტი.
9 (RLIN) 22190
942 ## - ADDED ENTRY ELEMENTS (KOHA)
Source of classification or shelving scheme
Koha item type წიგნი
ეგზემპლარები
ჩამოწერის სტატუსი დაკარგული ეგზემპლარის სტატუსი კლასიფიკაციის წყარო ან თაროზე გაწყობის სქემა დაზიანების სტატუსი არ გაიცემა მუდმივი მდებარეობა (დაცვის ადგილი) ამჟამინდელი ადგილსამყოფელი თაროზე განთავსების ადგილი შეძენის თარიღი ღირებულება, შესყიდვის ნორმალური ფასი სრული შენახვის შიფრი შტრიხკოდი ბოლო ოპერაციის თარიღი ეგზემპლარის მიმდევრობითი ნომერი (კეტერი?) ფასის ძალაში შესვლის თარიღი ეგზემპლარის სახეობა საჯარო შენიშვნა
          აგრარული და მემბრანული ტექნოლოგიების ინსტიტუტის ბიბლიოთეკა აგრარული და მემბრანული ტექნოლოგიების ინსტიტუტის ბიბლიოთეკა წიგნსაცავი 2024-12-09 10.00 631.3(075.8) ფ-97 69932 2024-12-09 69932 2024-12-09 წიგნი 10.00
          აგრარული და მემბრანული ტექნოლოგიების ინსტიტუტის ბიბლიოთეკა აგრარული და მემბრანული ტექნოლოგიების ინსტიტუტის ბიბლიოთეკა წიგნსაცავი 2024-12-09 10.00 631.3(075.8) ფ-97 69933 2024-12-09 69933 2024-12-09 წიგნი 10.00
          აგრარული და მემბრანული ტექნოლოგიების ინსტიტუტის ბიბლიოთეკა აგრარული და მემბრანული ტექნოლოგიების ინსტიტუტის ბიბლიოთეკა წიგნსაცავი 2024-12-09 10.00 631.3(075.8) ფ-97 69934 2024-12-09 69934 2024-12-09 წიგნი 10.00
          აგრარული და მემბრანული ტექნოლოგიების ინსტიტუტის ბიბლიოთეკა აგრარული და მემბრანული ტექნოლოგიების ინსტიტუტის ბიბლიოთეკა წიგნსაცავი 2024-12-09 10.00 631.3(075.8) ფ-97 69935 2024-12-09 69935 2024-12-09 წიგნი 10.00